Statistics for Dwight Shrute Quotes - The Office (US)

Click here to take the quiz!

General Stats

  • This quiz has been taken 1,201 times
  • The average score is 4 of 10

Answer Stats

HintAnswer% Correct
Through concentration, I can raise and lower my ___________ at will.Cholesterol
73%
Babies are one of my many areas of expertise. Growing up I performed my own ____________.Circumcision
68%
The eyes are the _____ of the headGroin
64%
When I was in the 6th grade, I was a finalist in our school spelling bee. It was me against Raj Patel. I misspelled, in front of the entire school, the word "_______".Failure
50%
I was shunned from the age of four until my sixth birthday for not saving the excess oil from a can of ____.Tuna
47%
I don’t care what Jim says, that is not ________ ________. I am 99% sure.Benjamin Franklin
39%
My ________ regenerate at twice the speed of a normal man.Feelings
29%
Yes I have acted before. I was in a production of “Oklahoma!” in the 7th grade. I played the part of ____ ___ _______. They had too many kids so they made up roles like that. I was good.Mutey The Mailman
23%
I am fast. To give you a reference point I am somewhere between a snake and a mongoose… And a _______.Panther
13%
I am faster than ___ of all snakes.80%
12%

Score Distribution

Percentile by Number Answered

Percent of People with Each Score

Your Score History

You have not taken this quiz